000 00634nam a22002057a 4500
003 0
005 20230824111254.0
008 230824b xxu||||| |||| 00| 0 eng d
020 _a978-621-406-229-4
050 _aHQ 769
_b.An54 2023
100 _aAng, Jamie Gutierrez
245 _aEthics 101 : an exploration on the concept of right and wrong
_cJaime Gutierrez-Ang, editor
260 _aManila
_bMindshapers Co., Inc.
_cc2020.
300 _avi, 128 pages ;
_c26 cm.
500 _aConduct of life.
504 _aIncludes bibliographical references.
650 _aConduct of life.
650 _aEthics.
942 _2lcc
_cBK
999 _c365205
_d365205